Capitales par population : A-Z - Statistiques

Statistiques générales
  • Ce quiz a été pris 174 fois
  • Le résultat moyen est 14 sur 24
Statistiques - réponses
Lettre Population Capitale % Correct
P 21 540 000 Pekin
93%
T 13 953 972 Tokyo
89%
W 692 000 Washington
89%
N 16 787 983 New Delhi
82%
M 12 507 000 Moscou
78%
J 10 639 000 Jakarta
77%
Z 790 017 Zagreb
65%
S 9 985 652 Seoul
63%
A 5 504 000 Ankara
61%
B 8 249 117 Bangkok
61%
I 1 015 000 Islamabad
59%
Q 2 011 000 Quito
58%
D 8 906 000 Dacca
57%
L 10 628 470 Lima
53%
H 3 398 889 Hanoi
49%
E 1 080 487 Erevan
42%
C 2 082 000 Caracas
41%
O 1 452 000 Oulan-Bator
41%
Y 1 616 000 Yaoundé
41%
R 4 878 723 Riyad
36%
K 4 435 000 Kaboul
34%
V 1 749 673 Vienne
33%
G 1 103 865 Guatemala
27%
F 1 056 000 Freetown
25%
Aucun quiz correspondant
Distribution des résultats
% des personnes avec chaque résultat
Percentile par nombre de réponses
Votre historique - résultats
Vous n’avez pas pris ce quiz